Text Book of Pharmacology for Nurses (Record no. 153439)
[ view plain ]
| 000 -LEADER | |
|---|---|
| fixed length control field | 00420nam a2200145Ia 4500 |
| 008 - FIXED-LENGTH DATA ELEMENTS--GENERAL INFORMATION | |
| fixed length control field | 230411s9999 xx 000 0 und d |
| 020 ## - INTERNATIONAL STANDARD BOOK NUMBER | |
| International Standard Book Number | 81-239-0862-8 |
| 041 ## - LANGUAGE CODE | |
| Language code of text/sound track or separate title | eng |
| 082 ## - DEWEY DECIMAL CLASSIFICATION NUMBER | |
| Classification number | PH/615.1/GRO/MAL/B02222 |
| 100 ## - MAIN ENTRY--PERSONAL NAME | |
| Personal name | Malik Monika & Grover J K |
| 9 (RLIN) | 177282 |
| 245 ## - TITLE STATEMENT | |
| Title | Text Book of Pharmacology for Nurses |
| 260 ## - PUBLICATION, DISTRIBUTION, ETC. (IMPRINT) | |
| Name of publisher, distributor, etc. | CBS Publishers & Distributors |
| Place of publication, distribution, etc. | New Delhi |
| Date of publication, distribution, etc. | 2002 |
| 300 ## - PHYSICAL DESCRIPTION | |
| Extent | 516p |
| Withdrawn status | Lost status | Damaged status | Not for loan | Collection code | Home library | Current library | Date acquired | Vendor | Cost, normal purchase price | Bill number | Total Checkouts | Full call number | Barcode | Date last seen | Cost, replacement price | Bill Date | Koha item type | Original Barcode |
|---|---|---|---|---|---|---|---|---|---|---|---|---|---|---|---|---|---|---|
| Smt. Bakul Tambat Institute of Nursing Education | Smt. Bakul Tambat Institute of Nursing Education | 11/02/2005 | S.K.Kothari,Pune. | 140.00 | 8649 | PH 615.1 GRO MAL B02222 | BTIN-BK-2222 | 11/04/2023 | 102.00 | 11/02/2005 | Books | B02222 | ||||||
| Smt. Bakul Tambat Institute of Nursing Education | Smt. Bakul Tambat Institute of Nursing Education | 03/12/2007 | M.K.S.S.S I.N.E.Ratnagiri. | 150.00 | 8649 | PH 615.1 GRO MAL B04511 | BTIN-BK-4511 | 11/04/2023 | 110.00 | 11/02/2005 | Books | B04511 |